000
00389nam a22000977a 4500
008
110707t xxu||||| |||| 00| 0 eng d
010
_a
C DOC F-140
245
_a
Charge: Uganda Vs Tumusiime George, M/a 40yrs, Munyankole, Civil Servant, Resident of Kitintale, Kampala.
260
_c
2000
999
_c
4633
_d
4633